00346nam a2200145Ia 4500008004100000020001500041041001200056082001600068100001200084245004300096250000800139260002900147300000900176650001500185221030s9999 xx 000 0 und d a8185674655 aEnglish a105.23bRis aO. Riso 4aThe Dartnell Sales Promotion Hand Book a7th bUBS PubaNew Delhic1993 a1208 aManagement